000 00494cam a22002054a 4500
005 20250605164318.0
008 250528s ||||||||||||||||||||||||d
035 _a22781
020 _a9780134744797
040 _aGR-AtMCL
_bgre
_dGR-AtMCL
_eAACR2
245 1 _aINTERNATIONAL ACCOUNTING
250 _a2
260 _bPrentice Hall,
_c1992
300 _a610
700 1 _aChoi Frederic D.S
_9724
700 1 _aMueller Gerhard G
_9725
942 _cBK
999 _c7826
_d7826